000 00328nam a2200133Ia 4500
003 OSt
005 20240112121211.0
008 170524s9999 xx 000 0 und d
020 _a9780070667075
040 _ciimt university meerut
100 _aLIND- DOUGLAS- A
245 0 _aSTATISTICAL TECHNIQUES IN BUSINESS
942 _2ddc
_c02
999 _c9761
_d9761